[Event "Sherbrooke op-C"]
[Site "Sherbrooke CAN"]
[Date "2008.05.25"]
[Round "5"]
[White "Leclerc, Luc-Olivier"]
[Black "Gareau, Jacques"]
[Result "1-0"]
[WhiteElo "1099"]
[BlackElo "1353"]
[PlyCount "53"]
[GameId "2160767910354712"]
[EventDate "2008.05.23"]
[EventType "swiss"]
[EventRounds "5"]
[EventCountry "CAN"]
[SourceTitle "EXT 2011"]
[Source "ChessBase"]
[SourceDate "2011.11.26"]
[SourceVersion "1"]
[SourceVersionDate "2011.11.26"]
[SourceQuality "1"]

1. f4 e6 2. Nf3 c6 3. e3 d5 4. Nc3 a5 5. b3 b5 6. Bb2 Nd7 7. Be2 Nb6 8. a3 Bb7 9. O-O Nf6 10. Bd3 Bd6 11. Ne2 Nbd7 12. c4 Qb6 13. cxb5 Nc5 14. Bc2 Qxb5 15. Ned4 Qb6 16. Bc3 Ncd7 17. Bd3 c5 18. Nb5 Bb8 19. Bb2 c4 20. bxc4 Bxf4 21. Kh1 Bb8 22. Bd4 Qc6 23. Rc1 e5 24. cxd5 Qxd5 25. Bc4 exd4 26. Bxd5 Nxd5 27. Re1 1-0

[Event "Sherbrooke op-C"]
[Site "Sherbrooke CAN"]
[Date "2008.05.25"]
[Round "5"]
[White "Olivier, Luc"]
[Black "Soskic, Milan"]
[Result "1/2-1/2"]
[WhiteElo "1290"]
[BlackElo "1286"]
[PlyCount "43"]
[GameId "2160767910354714"]
[EventDate "2008.05.23"]
[EventType "swiss"]
[EventRounds "5"]
[EventCountry "CAN"]
[SourceTitle "EXT 2011"]
[Source "ChessBase"]
[SourceDate "2011.11.26"]
[SourceVersion "1"]
[SourceVersionDate "2011.11.26"]
[SourceQuality "1"]

1. d4 Nf6 2. c4 g6 3. Nc3 Bg7 4. e4 d6 5. Nf3 Nbd7 6. Be2 O-O 7. O-O e5 8. dxe5 Nxe5 9. Nxe5 dxe5 10. Bg5 h6 11. Qxd8 Rxd8 12. Bxf6 Bxf6 13. Nd5 Bg7 14. Nxc7 Rb8 15. Nd5 Be6 16. Rac1 Rd7 17. Rfd1 Kf8 18. Rd3 Rbd8 19. Rcd1 f5 20. f3 f4 21. b3 g5 22. Nb4 1/2-1/2

[Event "Sherbrooke op-C"]
[Site "Sherbrooke CAN"]
[Date "2008.05.25"]
[Round "5"]
[White "Pelosse, Jacques"]
[Black "Viens, Nicolas"]
[Result "0-1"]
[WhiteElo "1225"]
[BlackElo "1350"]
[PlyCount "58"]
[GameId "2160767910354715"]
[EventDate "2008.05.23"]
[EventType "swiss"]
[EventRounds "5"]
[EventCountry "CAN"]
[SourceTitle "EXT 2011"]
[Source "ChessBase"]
[SourceDate "2011.11.26"]
[SourceVersion "1"]
[SourceVersionDate "2011.11.26"]
[SourceQuality "1"]

1. d4 Nf6 2. Nc3 d5 3. e4 dxe4 4. f3 exf3 5. Nxf3 g6 6. Bc4 Bg7 7. O-O O-O 8. Qe1 Bg4 9. Ne2 Nc6 10. c3 a6 11. Qh4 h5 12. Ng5 b5 13. Bd3 Bh6 14. Nxf7 Rxf7 15. Bxh6 Bxe2 16. Bxg6 Bxf1 17. Bxf7+ Kxf7 18. Rxf1 Ke8 19. Bg5 Qd6 20. Bxf6 exf6 21. Qxh5+ Kd7 22. d5 Ne7 23. Qf7 Re8 24. Rxf6 Qc5+ 25. Kh1 a5 26. Qe6+ Kd8 27. d6 Nf5 28. Rf8 Rxf8 29. Qe7+ Nxe7 0-1

[Event "Sherbrooke op-C"]
[Site "Sherbrooke CAN"]
[Date "2008.05.25"]
[Round "5"]
[White "St Vincent Gagne, Felix"]
[Black "Boutin, Andre"]
[Result "0-1"]
[WhiteElo "1191"]
[BlackElo "1294"]
[PlyCount "102"]
[GameId "2160767910354717"]
[EventDate "2008.05.23"]
[EventType "swiss"]
[EventRounds "5"]
[EventCountry "CAN"]
[SourceTitle "EXT 2011"]
[Source "ChessBase"]
[SourceDate "2011.11.26"]
[SourceVersion "1"]
[SourceVersionDate "2011.11.26"]
[SourceQuality "1"]

1. e4 c5 2. Nf3 Nc6 3. d4 cxd4 4. Nxd4 Nf6 5. Nxc6 bxc6 6. Nc3 e6 7. Bd3 Bb4 8. Bd2 O-O 9. O-O d6 10. f4 e5 11. fxe5 dxe5 12. Kh1 Be7 13. Qe2 Bg4 14. Qe3 Bh5 15. Be2 Bg6 16. Rfd1 Qd4 17. Bf3 Qb6 18. Qxb6 axb6 19. Be3 b5 20. a3 b4 21. axb4 Bxb4 22. Rxa8 Rxa8 23. Bd2 Rd8 24. h3 Bxc3 25. Bxc3 Rxd1+ 26. Bxd1 Nxe4 27. Bf3 Nxc3 28. bxc3 e4 29. Bd1 f5 30. c4 Bf7 31. Be2 h5 32. c5 g5 33. Kg1 Kg7 34. Kf2 f4 35. c3 Kf6 36. Ke1 e3 37. Bf3 Bd5 38. Bxh5 Bxg2 39. Ke2 Ke5 40. Bf7 Bxh3 41. Kd3 Kf5 42. Be8 Bg2 43. Ke2 g4 44. Bd7+ Kg5 45. c4 Kh4 46. Be8 Be4 47. Bd7 Kg3 48. Be6 f3+ 49. Kxe3 f2 50. Kxe4 f1=Q 51. Ke5 Qf4# 0-1

[Event "Sherbrooke op-C"]
[Site "Sherbrooke CAN"]
[Date "2008.05.25"]
[Round "5"]
[White "Thomsen, Gunther"]
[Black "Straehl, Patrick"]
[Result "0-1"]
[WhiteElo "1063"]
[BlackElo "1368"]
[PlyCount "80"]
[GameId "2160767910354718"]
[EventDate "2008.05.23"]
[EventType "swiss"]
[EventRounds "5"]
[EventCountry "CAN"]
[SourceTitle "EXT 2011"]
[Source "ChessBase"]
[SourceDate "2011.11.26"]
[SourceVersion "1"]
[SourceVersionDate "2011.11.26"]
[SourceQuality "1"]

1. c4 c5 2. d3 Nf6 3. g3 e6 4. Bg2 d5 5. cxd5 exd5 6. Nf3 Nc6 7. O-O h6 8. a3 Bd6 9. Bd2 O-O 10. Nc3 a6 11. Na2 Re8 12. b4 b6 13. bxc5 bxc5 14. a4 Bf5 15. Bc3 d4 16. Bb2 Ra7 17. Nd2 Ne5 18. Nc1 Rae7 19. Re1 Nxd3 20. Nxd3 Bxd3 21. Bc6 Bxe2 22. Qc2 d3 23. Qc4 Rf8 24. Bf3 Bxf3 25. Rxe7 Qxe7 26. Nxf3 Qe4 27. Qxa6 Qxf3 28. Qxd6 Ne4 29. Qf4 Qxf4 30. gxf4 c4 31. a5 c3 32. Ba3 Rc8 33. f3 Nc5 34. Bb4 c2 35. a6 Nxa6 36. Bd2 Nc5 37. Kf2 Nb3 38. Re1 Nxd2 39. Ke3 Re8+ 40. Kxd2 Rxe1 0-1

[Event "St Jean op"]
[Site "St Jean sur Richelieu"]
[Date "2008.06.13"]
[Round "1"]
[White "Arsenault, Nicolas"]
[Black "Gauthier, Denis"]
[Result "1/2-1/2"]
[WhiteElo "2234"]
[BlackElo "1940"]
[PlyCount "50"]
[GameId "2160767910354430"]
[EventDate "2008.06.13"]
[EventType "swiss"]
[EventRounds "5"]
[EventCountry "CAN"]
[SourceTitle "EXT 2011"]
[Source "ChessBase"]
[SourceDate "2011.11.26"]
[SourceVersion "1"]
[SourceVersionDate "2011.11.26"]
[SourceQuality "1"]

1. e4 d6 2. d4 Nf6 3. Nc3 g6 4. f4 Bg7 5. Nf3 O-O 6. e5 Nfd7 7. h4 c5 8. h5 cxd4 9. Qxd4 dxe5 10. Qf2 e4 11. Nxe4 Nf6 12. Nxf6+ exf6 13. Bd3 Re8+ 14. Kf1 Nc6 15. Bd2 Qd6 16. a3 Bg4 17. hxg6 hxg6 18. Qh4 Bxf3 19. gxf3 Qd5 20. Rh3 a5 21. Bc3 Nd4 22. Be4 Qc4+ 23. Bd3 Qd5 24. Be4 Qc4+ 25. Bd3 Qd5 1/2-1/2

[Event "St Jean op"]
[Site "St Jean sur Richelieu"]
[Date "2008.06.13"]
[Round "1"]
[White "Auger, Bertrand"]
[Black "Arteau, Benoit"]
[Result "1/2-1/2"]
[WhiteElo "2033"]
[BlackElo "1818"]
[PlyCount "56"]
[GameId "2160767910354431"]
[EventDate "2008.06.13"]
[EventType "swiss"]
[EventRounds "5"]
[EventCountry "CAN"]
[SourceTitle "EXT 2011"]
[Source "ChessBase"]
[SourceDate "2011.11.26"]
[SourceVersion "1"]
[SourceVersionDate "2011.11.26"]
[SourceQuality "1"]

1. Nf3 Nf6 2. g3 b6 3. Bg2 Bb7 4. O-O g6 5. b4 Bg7 6. Bb2 O-O 7. c4 d6 8. Nc3 Nbd7 9. Qc2 e5 10. e3 Re8 11. d4 c5 12. dxc5 dxc5 13. b5 Qc7 14. e4 Rad8 15. Rad1 Nf8 16. Nd5 Qb8 17. Rfe1 N6d7 18. Nd2 Ne6 19. Nf1 Nd4 20. Qb1 Nf8 21. Nfe3 Nfe6 22. h4 f5 23. Bc3 Qd6 24. a4 Ra8 25. a5 Rf8 26. a6 Bc8 27. Rd2 Bd7 28. Rf1 Bh6 1/2-1/2

[Event "St Jean op"]
[Site "St Jean sur Richelieu"]
[Date "2008.06.13"]
[Round "1"]
[White "Gaspariants, Vladimir"]
[Black "Giroux, Robert"]
[Result "1-0"]
[WhiteElo "2274"]
[BlackElo "1979"]
[PlyCount "103"]
[GameId "2160767910354433"]
[EventDate "2008.06.13"]
[EventType "swiss"]
[EventRounds "5"]
[EventCountry "CAN"]
[SourceTitle "EXT 2011"]
[Source "ChessBase"]
[SourceDate "2011.11.26"]
[SourceVersion "1"]
[SourceVersionDate "2011.11.26"]
[SourceQuality "1"]

1. e4 c5 2. Nf3 g6 3. g3 Nc6 4. Bg2 Bg7 5. O-O d6 6. d3 Nf6 7. Nc3 O-O 8. h3 Ne8 9. Kh2 Rb8 10. Bg5 f6 11. Be3 e5 12. Nh4 Nc7 13. Qd2 Kh8 14. Rae1 Nd4 15. f4 f5 16. exf5 Nxf5 17. Nxf5 gxf5 18. fxe5 Bxe5 19. d4 cxd4 20. Bxd4 Qf6 21. Bxe5 dxe5 22. Qe3 f4 23. Qxe5 Qxe5 24. Rxe5 fxg3+ 25. Kxg3 Rxf1 26. Bxf1 Be6 27. Rg5 Rf8 28. Bd3 b6 29. h4 Rf7 30. h5 h6 31. Rg6 Rg7 32. Kf4 Rxg6 33. Bxg6 Nd5+ 34. Nxd5 Bxd5 35. Ke5 Bg8 36. Kf6 Bxa2 37. b3 a5 38. Bd3 Bb1 39. Ke5 b5 40. Kd4 a4 41. b4 a3 42. Kc3 Ba2 43. Bxb5 Kh7 44. Be2 Bd5 45. b5 Kg7 46. b6 Kf6 47. Ba6 Kg5 48. b7 Bxb7 49. Bxb7 a2 50. Kb2 a1=Q+ 51. Kxa1 Kxh5 52. c4 1-0

[Event "St Jean op"]
[Site "St Jean sur Richelieu"]
[Date "2008.06.13"]
[Round "1"]
[White "Lapierre, Gaetan"]
[Black "Lemire-Paquin, Alexandre"]
[Result "0-1"]
[WhiteElo "1860"]
[BlackElo "2054"]
[PlyCount "130"]
[GameId "2160767910354434"]
[EventDate "2008.06.13"]
[EventType "swiss"]
[EventRounds "5"]
[EventCountry "CAN"]
[SourceTitle "EXT 2011"]
[Source "ChessBase"]
[SourceDate "2011.11.26"]
[SourceVersion "1"]
[SourceVersionDate "2011.11.26"]
[SourceQuality "1"]

1. e4 c5 2. Nc3 e6 3. Nf3 a6 4. a4 Nc6 5. d4 cxd4 6. Nxd4 Qc7 7. Be2 Nf6 8. O-O Bb4 9. Bf3 Ne5 10. Nce2 h5 11. Bg5 Neg4 12. g3 Bd6 13. h3 Ne5 14. Bg2 Bc5 15. c3 d6 16. b3 Ng6 17. Qd2 Nh7 18. Be3 Bd7 19. Rfd1 Rd8 20. b4 Ba7 21. a5 Qb8 22. f4 Ne7 23. Kh1 e5 24. fxe5 dxe5 25. Nc2 Bxe3 26. Nxe3 Be6 27. Qxd8+ Qxd8 28. Rxd8+ Kxd8 29. c4 Nf6 30. Nc3 Kc7 31. Ncd5+ Bxd5 32. exd5 Rd8 33. Rf1 e4 34. g4 hxg4 35. hxg4 Rf8 36. Kh2 Kd6 37. g5 Nh7 38. Nf5+ Nxf5 39. Rxf5 g6 40. c5+ Kd7 41. Re5 f5 42. gxf6 Nxf6 43. Kg3 Nh5+ 44. Kh4 Rf4+ 45. Kg5 e3 46. Bh3+ Kd8 47. Kxg6 Nf6 48. Rxe3 Nd7 49. Re6 Nf8+ 50. Kg5 Nxe6+ 51. dxe6 Rxb4 52. Kf6 Rf4+ 53. Ke5 Rf2 54. c6 Re2+ 55. Kd6 Rd2+ 56. Kc5 Rc2+ 57. Kb6 bxc6 58. Kxa6 Kc7 59. Ka7 Re2 60. a6 c5 61. Ka8 Re3 62. Bf1 Rxe6 63. Bc4 Rh6 64. Ka7 Rh4 65. Bd5 c4 0-1

[Event "St Jean op"]
[Site "St Jean sur Richelieu"]
[Date "2008.06.13"]
[Round "1"]
[White "Lavoie, Eric"]
[Black "Drolet, Stephane"]
[Result "0-1"]
[WhiteElo "1917"]
[BlackElo "2117"]
[PlyCount "59"]
[GameId "2160767910354435"]
[EventDate "2008.06.13"]
[EventType "swiss"]
[EventRounds "5"]
[EventCountry "CAN"]
[SourceTitle "EXT 2011"]
[Source "ChessBase"]
[SourceDate "2011.11.26"]
[SourceVersion "1"]
[SourceVersionDate "2011.11.26"]
[SourceQuality "1"]

1. d4 d5 2. Nf3 Nf6 3. e3 g6 4. Bd3 Bg7 5. Nbd2 O-O 6. O-O c5 7. c3 b6 8. Qe2 Bb7 9. dxc5 bxc5 10. e4 e6 11. e5 Nfd7 12. Re1 Nc6 13. Nf1 Ndxe5 14. Ng3 Nxf3+ 15. Qxf3 Ne5 16. Rxe5 Bxe5 17. Bh6 Bg7 18. Qf4 e5 19. Qd2 f6 20. h4 e4 21. Bc2 f5 22. Bg5 Bf6 23. Bh6 Bxh4 24. Bxf8 Qxf8 25. Qf4 Qe7 26. Rd1 Bg5 27. Nxf5 gxf5 28. Qxf5 Rf8 29. Qh3 Qf6 30. Rf1 0-1

[Event "St Jean op"]
[Site "St Jean sur Richelieu"]
[Date "2008.06.13"]
[Round "1"]
[White "Lessard, Claude"]
[Black "Larochelle, Martial"]
[Result "0-1"]
[WhiteElo "2101"]
[BlackElo "2189"]
[PlyCount "78"]
[GameId "2160767910354436"]
[EventDate "2008.06.13"]
[EventType "swiss"]
[EventRounds "5"]
[EventCountry "CAN"]
[SourceTitle "EXT 2011"]
[Source "ChessBase"]
[SourceDate "2011.11.26"]
[SourceVersion "1"]
[SourceVersionDate "2011.11.26"]
[SourceQuality "1"]

1. d4 Nf6 2. c4 e6 3. Nf3 Nc6 4. g3 d5 5. Bg2 dxc4 6. O-O Rb8 7. a4 a6 8. e3 b5 9. Qc2 Be7 10. Rd1 O-O 11. Nc3 Nb4 12. Qe2 Nbd5 13. axb5 axb5 14. Ne5 Qe8 15. e4 Nxc3 16. bxc3 Bb7 17. Ra7 Qc8 18. Bg5 Re8 19. h4 Ra8 20. Rxb7 Qxb7 21. Bxf6 Bxf6 22. Nxf7 e5 23. dxe5 Bxe5 24. Nxe5 Rxe5 25. f4 Re7 26. f5 Rae8 27. Kh2 Qb6 28. Qb2 h6 29. Rd5 c6 30. Rd6 Qc7 31. Qd2 Rf8 32. Qd4 Ref7 33. e5 Rxf5 34. e6 c5 35. Qd1 Qe7 36. Kh3 b4 37. g4 Re5 38. cxb4 Re3+ 39. Kh2 Qxh4+ 0-1

[Event "St Jean op"]
[Site "St Jean sur Richelieu"]
[Date "2008.06.13"]
[Round "1"]
[White "Libersan, Thierry"]
[Black "Schomers, Philippe"]
[Result "1/2-1/2"]
[WhiteElo "2118"]
[BlackElo "1882"]
[PlyCount "73"]
[GameId "2160767910354437"]
[EventDate "2008.06.13"]
[EventType "swiss"]
[EventRounds "5"]
[EventCountry "CAN"]
[SourceTitle "EXT 2011"]
[Source "ChessBase"]
[SourceDate "2011.11.26"]
[SourceVersion "1"]
[SourceVersionDate "2011.11.26"]
[SourceQuality "1"]

1. e4 d6 2. d4 Nf6 3. Nc3 Nbd7 4. f4 e5 5. Nf3 exd4 6. Qxd4 c6 7. Bc4 d5 8. exd5 Bc5 9. Qd3 Qe7+ 10. Qe2 Qxe2+ 11. Kxe2 O-O 12. Re1 Nb6 13. Bb3 Nbxd5 14. Nxd5 Nxd5 15. Bxd5 cxd5 16. Be3 Re8 17. Kd2 Bf8 18. Nd4 Bd7 19. Bf2 Bc5 20. c3 Bxd4 21. Bxd4 f6 22. Rxe8+ Bxe8 23. Re1 a6 24. g4 Bd7 25. g5 Kf7 26. h4 Bf5 27. b4 Rc8 28. h5 Be4 29. h6 gxh6 30. Bxf6 hxg5 31. Bxg5 h5 32. Re3 Rc4 33. a3 Kg6 34. Rg3 Bf5 35. Re3 Be4 36. Rg3 Bf5 37. Re3 1/2-1/2

[Event "St Jean op"]
[Site "St Jean sur Richelieu"]
[Date "2008.06.13"]
[Round "1"]
[White "Sauve, Richard"]
[Black "Masse, Hugues"]
[Result "0-1"]
[WhiteElo "1998"]
[BlackElo "2277"]
[PlyCount "82"]
[GameId "2160767910354438"]
[EventDate "2008.06.13"]
[EventType "swiss"]
[EventRounds "5"]
[EventCountry "CAN"]
[SourceTitle "EXT 2011"]
[Source "ChessBase"]
[SourceDate "2011.11.26"]
[SourceVersion "1"]
[SourceVersionDate "2011.11.26"]
[SourceQuality "1"]

1. d4 Nf6 2. c4 g6 3. Nc3 d5 4. cxd5 Nxd5 5. e4 Nxc3 6. bxc3 Bg7 7. Bd3 c5 8. Ne2 O-O 9. Be3 cxd4 10. cxd4 Nc6 11. Qa4 Bd7 12. Qa3 Bg4 13. f3 Be6 14. Rd1 Qa5+ 15. Qxa5 Nxa5 16. d5 Bd7 17. Kf2 e6 18. Bd2 b6 19. Bxa5 bxa5 20. Rb1 exd5 21. exd5 Rab8 22. Rxb8 Rxb8 23. Rb1 Rxb1 24. Bxb1 Kf8 25. Bd3 Ke7 26. Ng3 f5 27. Ke2 Kd6 28. Bc4 Be8 29. Kd3 Be5 30. Ne2 Bxh2 31. f4 Kc5 32. Kc3 Bf7 33. d6 Be8 34. Bf7 Bb5 35. Nd4 Bd7 36. Bg8 Bxf4 37. Nf3 h6 38. Nh4 g5 39. Ng6 Bxd6 40. Bc4 Bc6 41. Bf1 Be8 0-1

[Event "St Jean op"]
[Site "St Jean sur Richelieu"]
[Date "2008.06.13"]
[Round "1"]
[White "Tessier, Olivier"]
[Black "Dion, Jean-Francois"]
[Result "1-0"]
[WhiteElo "2207"]
[BlackElo "1933"]
[PlyCount "52"]
[GameId "2160767910354439"]
[EventDate "2008.06.13"]
[EventType "swiss"]
[EventRounds "5"]
[EventCountry "CAN"]
[SourceTitle "EXT 2011"]
[Source "ChessBase"]
[SourceDate "2011.11.26"]
[SourceVersion "1"]
[SourceVersionDate "2011.11.26"]
[SourceQuality "1"]

1. e4 d6 2. d4 Nf6 3. Nc3 g6 4. f4 Bg7 5. Nf3 O-O 6. Bd3 c5 7. d5 Nbd7 8. a4 b6 9. Qe2 Bb7 10. O-O a6 11. Be3 Qc7 12. Rad1 e6 13. dxe6 fxe6 14. Ng5 Rfe8 15. Bc4 Nf8 16. Qd2 Rad8 17. f5 Nxe4 18. Ncxe4 d5 19. Ba2 dxe4 20. Nxe6 Nxe6 21. Bxe6+ Kh8 22. Qe2 Bxb2 23. Rxd8 Qxd8 24. Bf4 Rf8 25. fxg6 Bd4+ 26. Kh1 hxg6 1-0

[Event "St Jean op"]
[Site "St Jean sur Richelieu"]
[Date "2008.06.14"]
[Round "2"]
[White "Desmarais, Emmanuel"]
[Black "Arsenault, Nicolas"]
[Result "1/2-1/2"]
[WhiteElo "2036"]
[BlackElo "2234"]
[PlyCount "28"]
[GameId "2160767910354440"]
[EventDate "2008.06.13"]
[EventType "swiss"]
[EventRounds "5"]
[EventCountry "CAN"]
[SourceTitle "EXT 2011"]
[Source "ChessBase"]
[SourceDate "2011.11.26"]
[SourceVersion "1"]
[SourceVersionDate "2011.11.26"]
[SourceQuality "1"]

1. e4 e6 2. d4 d5 3. exd5 exd5 4. Bd3 Nc6 5. c3 Bd6 6. Ne2 Nge7 7. Bg5 f6 8. Bf4 Bg4 9. f3 Bh5 10. Qd2 Bg6 11. Bxd6 Qxd6 12. Na3 a6 13. Nc2 Kf7 14. O-O Rae8 1/2-1/2

[Event "St Jean op"]
[Site "St Jean sur Richelieu"]
[Date "2008.06.14"]
[Round "2"]
[White "Drolet, Stephane"]
[Black "Gaspariants, Vladimir"]
[Result "1-0"]
[WhiteElo "2117"]
[BlackElo "2274"]
[PlyCount "105"]
[GameId "2160767910354441"]
[EventDate "2008.06.13"]
[EventType "swiss"]
[EventRounds "5"]
[EventCountry "CAN"]
[SourceTitle "EXT 2011"]
[Source "ChessBase"]
[SourceDate "2011.11.26"]
[SourceVersion "1"]
[SourceVersionDate "2011.11.26"]
[SourceQuality "1"]

1. d4 Nf6 2. Nf3 g6 3. Bg5 Bg7 4. Nbd2 O-O 5. e4 d6 6. c3 h6 7. Bh4 Nc6 8. Qc2 a6 9. Rd1 Qe8 10. Bd3 Nh5 11. Bg3 e5 12. dxe5 dxe5 13. O-O b5 14. Rfe1 Bb7 15. a4 b4 16. Nc4 bxc3 17. bxc3 Qe7 18. Ne3 Qc5 19. Nd5 Nxg3 20. hxg3 Ne7 21. Nxe7+ Qxe7 22. Bc4 Rad8 23. Qb3 Rxd1 24. Qxd1 a5 25. Qb3 Bc6 26. Bd5 Qc5 27. Rd1 Bf6 28. Bxc6 Qxc6 29. Rd5 Re8 30. Qb5 Qe6 31. Qxa5 c6 32. Rd1 Qb3 33. Re1 Qc2 34. Qb4 Rd8 35. Qc4 Rd3 36. Qxc6 Kg7 37. c4 Ra3 38. Qd5 Ra2 39. Rf1 Qc3 40. Rb1 Qc2 41. Rf1 Qc3 42. c5 Rxa4 43. Rb1 Ra1 44. Rxa1 Qxa1+ 45. Kh2 Qa5 46. Nd2 Qc7 47. Nc4 Be7 48. Nd6 Bxd6 49. cxd6 Qd7 50. Qxe5+ f6 51. Qc5 Kf7 52. Qc4+ Kg7 53. Qc7 1-0

[Event "St Jean op"]
[Site "St Jean sur Richelieu"]
[Date "2008.06.14"]
[Round "2"]
[White "Gauthier, Denis"]
[Black "Libersan, Thierry"]
[Result "0-1"]
[WhiteElo "1940"]
[BlackElo "2118"]
[PlyCount "66"]
[GameId "2160767910354442"]
[EventDate "2008.06.13"]
[EventType "swiss"]
[EventRounds "5"]
[EventCountry "CAN"]
[SourceTitle "EXT 2011"]
[Source "ChessBase"]
[SourceDate "2011.11.26"]
[SourceVersion "1"]
[SourceVersionDate "2011.11.26"]
[SourceQuality "1"]

1. d4 Nf6 2. c4 c5 3. d5 e6 4. Nf3 exd5 5. cxd5 d6 6. Nc3 g6 7. e4 Bg7 8. h3 O-O 9. Bd3 a6 10. a4 Re8 11. O-O Nbd7 12. Bf4 Qc7 13. Re1 Rb8 14. Qd2 Nh5 15. Be3 Ne5 16. Nxe5 Bxe5 17. f4 Bg7 18. Qf2 Bd7 19. a5 Qc8 20. Qf3 b6 21. g4 Nf6 22. Rf1 Bxg4 23. hxg4 Nxg4 24. Kh1 Nxe3 25. Qxe3 bxa5 26. Rab1 Qg4 27. Qf3 Qh4+ 28. Kg2 Rb3 29. Rh1 Qe7 30. Bc4 Rb4 31. Bd3 Reb8 32. Qe2 c4 33. Bxc4 Bxc3 0-1

[Event "St Jean op"]
[Site "St Jean sur Richelieu"]
[Date "2008.06.14"]
[Round "2"]
[White "Khaziyeva, Dinara"]
[Black "Auger, Bertrand"]
[Result "1/2-1/2"]
[WhiteElo "2176"]
[BlackElo "2033"]
[PlyCount "44"]
[GameId "2160767910354444"]
[EventDate "2008.06.13"]
[EventType "swiss"]
[EventRounds "5"]
[EventCountry "CAN"]
[SourceTitle "EXT 2011"]
[Source "ChessBase"]
[SourceDate "2011.11.26"]
[SourceVersion "1"]
[SourceVersionDate "2011.11.26"]
[SourceQuality "1"]

1. b3 e5 2. Bb2 Nc6 3. e3 g6 4. Bb5 Nge7 5. f4 Bg7 6. Nf3 d6 7. fxe5 O-O 8. O-O dxe5 9. Bc4 Nf5 10. Nc3 e4 11. Ne1 Be6 12. Bxe6 fxe6 13. Rb1 Nd6 14. Rxf8+ Qxf8 15. Qe2 Qf5 16. d3 Rf8 17. Nxe4 Nxe4 18. dxe4 Qxe4 19. Bxg7 Kxg7 20. Qd3 Qf5 21. Nf3 Qf6 22. a3 Ne5 1/2-1/2

[Event "St Jean op"]
[Site "St Jean sur Richelieu"]
[Date "2008.06.14"]
[Round "2"]
[White "Larochelle, Martial"]
[Black "Pregent, Daniel"]
[Result "1-0"]
[WhiteElo "2189"]
[BlackElo "1774"]
[PlyCount "69"]
[GameId "2160767910354445"]
[EventDate "2008.06.13"]
[EventType "swiss"]
[EventRounds "5"]
[EventCountry "CAN"]
[SourceTitle "EXT 2011"]
[Source "ChessBase"]
[SourceDate "2011.11.26"]
[SourceVersion "1"]
[SourceVersionDate "2011.11.26"]
[SourceQuality "1"]

1. c4 Nf6 2. Nf3 g6 3. Nc3 Bg7 4. e4 d6 5. d4 Bg4 6. Be2 O-O 7. Be3 Nbd7 8. O-O e5 9. d5 Ne8 10. Ne1 Bxe2 11. Qxe2 f5 12. f3 f4 13. Bf2 Bf6 14. Nd3 Ng7 15. c5 Nh5 16. c6 bxc6 17. dxc6 Nb8 18. Nb4 Bh4 19. Qc4+ Kg7 20. Bxh4 Qxh4 21. Nbd5 Rf7 22. b4 a6 23. Ne2 g5 24. h3 g4 25. fxg4 f3 26. gxh5 f2+ 27. Kh2 Nxc6 28. Qxc6 Raf8 29. Nxc7 Kh8 30. Rac1 Rg8 31. Rc3 Rfg7 32. g3 Qxh5 33. Qxa6 Rg6 34. Rxf2 Rh6 35. Ng1 1-0

[Event "St Jean op"]
[Site "St Jean sur Richelieu"]
[Date "2008.06.14"]
[Round "2"]
[White "Masse, Hugues"]
[Black "Lemire-Paquin, Alexandre"]
[Result "1/2-1/2"]
[WhiteElo "2277"]
[BlackElo "2054"]
[PlyCount "82"]
[GameId "2160767910354446"]
[EventDate "2008.06.13"]
[EventType "swiss"]
[EventRounds "5"]
[EventCountry "CAN"]
[SourceTitle "EXT 2011"]
[Source "ChessBase"]
[SourceDate "2011.11.26"]
[SourceVersion "1"]
[SourceVersionDate "2011.11.26"]
[SourceQuality "1"]

1. e4 c5 2. Nf3 e6 3. d4 cxd4 4. Nxd4 Nc6 5. Nc3 a6 6. Nxc6 bxc6 7. Bd3 d5 8. O-O Nf6 9. Qe2 Be7 10. f4 Qc7 11. b3 a5 12. Kh1 h5 13. Be3 Bb4 14. Bd4 Bxc3 15. Bxc3 dxe4 16. Bxe4 Nxe4 17. Bxg7 Rg8 18. Be5 Qb7 19. Qxe4 c5 20. Qxb7 Bxb7 21. Rf2 c4 22. Kg1 a4 23. b4 f5 24. Rd1 Bd5 25. c3 Kd7 26. Bf6 Rg4 27. Bg5 h4 28. Kf1 Rh8 29. Re1 h3 30. g3 Rxg3 31. hxg3 h2 32. Ke2 h1=Q 33. Rxh1 Rxh1 34. Rf1 Rxf1 35. Kxf1 Bc6 36. Ke2 Kd6 37. Kd2 Kd5 38. Kc2 Ke4 39. b5 Bxb5 40. Kb2 Kd5 41. Ka3 Be8 1/2-1/2

[Event "St Jean op"]
[Site "St Jean sur Richelieu"]
[Date "2008.06.14"]
[Round "3"]
[White "Arsenault, Nicolas"]
[Black "Auger, Bertrand"]
[Result "1-0"]
[WhiteElo "2234"]
[BlackElo "2033"]
[PlyCount "75"]
[GameId "2160767910354447"]
[EventDate "2008.06.13"]
[EventType "swiss"]
[EventRounds "5"]
[EventCountry "CAN"]
[SourceTitle "EXT 2011"]
[Source "ChessBase"]
[SourceDate "2011.11.26"]
[SourceVersion "1"]
[SourceVersionDate "2011.11.26"]
[SourceQuality "1"]

1. e4 e6 2. d4 d5 3. Nc3 dxe4 4. Nxe4 Bd7 5. c4 Bc6 6. Nc3 Nf6 7. Nf3 Be7 8. Ne5 O-O 9. Qd3 b6 10. Be3 Bb7 11. O-O-O Nc6 12. Nxc6 Bxc6 13. f3 Qc8 14. Qc2 Rd8 15. Bd3 Rd7 16. h4 Qf8 17. Ne4 Bxe4 18. Bxe4 Nxe4 19. fxe4 g6 20. e5 Rad8 21. Qe4 Qe8 22. h5 Bf8 23. Bg5 Be7 24. Be3 Bf8 25. Rhf1 b5 26. c5 Rd5 27. Qg4 Bg7 28. Rd2 c6 29. Rdf2 R8d7 30. hxg6 hxg6 31. Rh1 Qd8 32. Qh3 Rxd4 33. Bxd4 Rxd4 34. Qh7+ Kf8 35. Qxg6 Qe7 36. Rhf1 Qxc5+ 37. Rc2 Rf4 38. Qxf7+ 1-0

[Event "St Jean op"]
[Site "St Jean sur Richelieu"]
[Date "2008.06.14"]
[Round "3"]
[White "Arteau, Benoit"]
[Black "Desmarais, Emmanuel"]
[Result "0-1"]
[WhiteElo "1818"]
[BlackElo "2036"]
[PlyCount "50"]
[GameId "2160767910354448"]
[EventDate "2008.06.13"]
[EventType "swiss"]
[EventRounds "5"]
[EventCountry "CAN"]
[SourceTitle "EXT 2011"]
[Source "ChessBase"]
[SourceDate "2011.11.26"]
[SourceVersion "1"]
[SourceVersionDate "2011.11.26"]
[SourceQuality "1"]

1. d4 d5 2. c4 c6 3. e3 Nf6 4. Nf3 Nbd7 5. Bd3 dxc4 6. Bxc4 Nb6 7. Bd3 Bg4 8. O-O e6 9. b3 Be7 10. Bb2 O-O 11. Nbd2 c5 12. Rc1 cxd4 13. exd4 Nbd5 14. Nc4 Nf4 15. Bb1 Rc8 16. Qd2 Nh3+ 17. Kh1 Bxf3 18. gxf3 Nd5 19. Qd3 g6 20. Ne5 Bh4 21. Rxc8 Qxc8 22. Ba3 Rd8 23. Qe4 Nxf2+ 24. Rxf2 Bxf2 25. Kg2 f5 0-1